[Event "AUTO-ELITE-1187"]
[Site "http://www.queenalice.com/game.php?id=1204441"]
[Date "2013.8.1"]
[Round "1"]
[White "MrGreen"]
[Black "Vonkinho"]
[Result "1-0"]
[WhiteElo "2495"]
[BlackElo "2193"]

1. Nf3 Nf6 2. d4 d5 3. c4 c6 4. Bf4 dxc4 5. e3 b5 6. a4 Bb7 7. Nc3 a6 8. Be2 e6
9. O-O Bd6 10. Ne5 O-O 11. Bf3 Qc7 12. Qc2 Nbd7 13. Nxd7 Qxd7 14. Bxd6 Qxd6 15.
axb5 axb5 16. Nxb5 Qb4 17. Na3 Nd5 18. Nxc4 Ba6 19. b3 Bb5 20. Rfc1 Rfb8 21. h3
h6 22. Ne5 Ra3 23. Bxd5 exd5 24. Qf5 Rf8 25. Nxc6 Bxc6 26. Rxa3 Qxa3 27. Rxc6
Qxb3 28. Rd6 g6 29. Qe5 Qd1+ 30. Kh2 Qe2 31. Qxd5 Qxf2 32. Rxg6+ Kh7 33. Rg3 Qf6
34. Rf3 Qe7 35. e4 f6 36. Qf5+ Kg8 37. Rg3+ Kh8 38. Rg6 1-0

[Event "AUTO-ELITE-1187"]
[Site "http://www.queenalice.com/game.php?id=1204442"]
[Date "2013.8.1"]
[Round "1"]
[White "Vonkinho"]
[Black "MrGreen"]
[Result "0-1"]
[WhiteElo "2239"]
[BlackElo "2424"]

1. d4 d5 2. c4 e6 3. Nc3 Nf6 4. Bg5 Be7 5. Nf3 Nc6 6. e3 h6 7. Bh4 a6 8. Rc1 O-O
9. Bd3 Nb4 10. Bb1 dxc4 11. a3 Nbd5 12. O-O Nxc3 13. Rxc3 b5 14. Ne5 Bb7 15. Rc1
Re8 16. f3 c5 17. Rf2 cxd4 18. exd4 Nd5 19. Bxe7 Nxe7 20. Rd2 Nf5 21. Be4 Qb6
22. Bxf5 exf5 23. Kf1 Qd6 24. Qc2 f6 25. Ng6 Qxh2 26. Kf2 f4 27. Qf5 Re3 28. Rc3
Qg3+ 0-1

[Event "AUTO-ELITE-1188"]
[Site "http://www.queenalice.com/game.php?id=1205334"]
[Date "2013.8.5"]
[Round "1"]
[White "Vonkinho"]
[Black "StenioVS"]
[Result "0-1"]
[WhiteElo "2216"]
[BlackElo "2239"]

1. d4 Nf6 2. c4 c5 3. d5 b5 4. cxb5 d6 5. g3 a6 6. bxa6 Bxa6 7. h4 g6 8. Nh3 Bg7
9. Nf4 Qb6 10. h5 Nbd7 11. Bg2 O-O 12. hxg6 fxg6 13. Ne6 Rf7 14. Nc3 Ng4 15. f3
Ne3 16. Bxe3 Qxb2 17. Rb1 Bxc3+ 18. Kf2 Qxa2 19. Ng5 Ne5 20. Nxf7 Bxe2 21. Qb3
Bd3+ 22. Qxa2 Rxa2+ 23. Kg1 Bxb1 24. Ng5 Re2 25. Bf4 Re1+ 26. Kf2 Nd3# 0-1

[Event "AUTO-ELITE-1188"]
[Site "http://www.queenalice.com/game.php?id=1205335"]
[Date "2013.8.5"]
[Round "1"]
[White "StenioVS"]
[Black "Vonkinho"]
[Result "1-0"]
[WhiteElo "2234"]
[BlackElo "2227"]

1. d4 Nf6 2. c4 g6 3. Nf3 Bg7 4. g3 O-O 5. Bg2 d5 6. O-O c6 7. cxd5 cxd5 8. Nc3
Nc6 9. Bf4 Bf5 10. Rc1 Ne4 11. Ne5 Nxc3 12. Rxc3 Rc8 13. Nxc6 Rxc6 14. Rxc6 bxc6
15. Be5 Qb6 16. Bxg7 Kxg7 17. Qd2 a5 18. Rc1 a4 19. f3 Rb8 20. g4 Bd7 21. Rc2 e5
22. e3 exd4 23. exd4 f5 24. h3 fxg4 25. hxg4 h5 26. gxh5 Bf5 27. Rc5 Qxb2 28.
Qf4 Rb4 29. Qe5+ Kh6 30. Qf4+ Kg7 31. Qe5+ Kh6 32. Qh8+ Kg5 33. hxg6 Bxg6 34.
f4+ Kxf4 35. Qh6+ Kf5 36. Qh3+ Kf4 37. Qf3+ Kg5 38. Qe3+ Kf5 39. Bh3+ Kf6 40.
Rxc6+ Kg7 41. Rc7+ 1-0

[Event "AUTO-ELITE-1052"]
[Site "http://www.queenalice.com/game.php?id=1210975"]
[Date "2013.8.24"]
[Round "2"]
[White "Chuzete"]
[Black "Vonkinho"]
[Result "1-0"]
[WhiteElo "2481"]
[BlackElo "2165"]

1. e4 c5 2. Nf3 d6 3. d4 cxd4 4. Nxd4 Nf6 5. Nc3 g6 6. Be3 Bg7 7. f3 O-O 8. Qd2
d5 9. e5 Ne8 10. f4 f6 11. O-O-O fxe5 12. fxe5 Bxe5 13. Nf3 Bxc3 14. Qxc3 Qc7
15. Rxd5 Qxc3 16. bxc3 Nf6 17. Rb5 a6 18. Bc4+ Kg7 19. Rb6 Nc6 20. Re1 Nd7 21.
Rxc6 bxc6 22. Bd4+ e5 23. Nxe5 Nxe5 24. Rxe5 Kh6 25. Be3+ Kg7 26. h4 Bf5 27.
Re7+ 1-0

[Event "AUTO-ELITE-1052"]
[Site "http://www.queenalice.com/game.php?id=1210976"]
[Date "2013.8.24"]
[Round "2"]
[White "Vonkinho"]
[Black "Chuzete"]
[Result "0-1"]
[WhiteElo "2169"]
[BlackElo "2471"]

1. d4 Nf6 2. c4 g6 3. Nc3 Bg7 4. e4 O-O 5. f4 d6 6. Nf3 c5 7. d5 e6 8. Be2 exd5
9. cxd5 Bg4 10. O-O Nbd7 11. Bd3 a6 12. a4 Qa5 13. Ra3 c4 14. Bc2 Qc5+ 15. Kh1
b5 16. axb5 axb5 17. Rxa8 Rxa8 18. h3 Bxf3 19. Qxf3 Ra1 20. Kh2 b4 0-1

[Event "AUTO-OPEN-2996"]
[Site "http://www.queenalice.com/game.php?id=1224466"]
[Date "2013.10.13"]
[Round "2"]
[White "Vonkinho"]
[Black "goldenboy"]
[Result "0-1"]
[WhiteElo "2158"]
[BlackElo "2116"]

1. d4 d5 2. c4 c6 3. Nf3 Nf6 4. Nc3 e6 5. Bg5 Nbd7 6. e3 Bb4 7. Qc2 Qa5 8. cxd5
cxd5 9. Bd3 Ne4 10. O-O Bxc3 11. bxc3 Ndf6 12. Bxf6 Nxf6 13. c4 dxc4 14. Bxc4
Bd7 15. Qb3 b5 16. Bd3 a6 17. Ne5 Rc8 18. Rfc1 O-O 19. g4 Rfd8 20. g5 Rxc1+ 21.
Rxc1 Qd2 22. Rd1 Qa5 23. gxf6 gxf6 24. Nxd7 Rxd7 25. Rc1 Qd2 26. Qc3 Qxc3 27.
Rxc3 e5 28. Bf5 Rd6 29. d5 Rxd5 30. Rc6 a5 31. Rxf6 Kg7 32. Ra6 a4 33. Rb6 Rc5
34. Kg2 Rd5 35. h4 Rd2 36. Rxb5 Rxa2 37. Rxe5 a3 38. Ra5 Ra1 39. Ra6 h5 40. Be4
f6 41. Ra7+ Kf8 42. Bg6 Kg8 0-1

[Event "AUTO-OPEN-2996"]
[Site "http://www.queenalice.com/game.php?id=1224467"]
[Date "2013.10.13"]
[Round "2"]
[White "goldenboy"]
[Black "Vonkinho"]
[Result "0-1"]
[WhiteElo "2127"]
[BlackElo "2156"]

1. e4 c5 2. Nc3 Nc6 3. Nf3 d6 4. Bb5 Nf6 5. d4 cxd4 6. Nxd4 Qc7 7. Nd5 Nxd5 8.
exd5 a6 9. Bxc6+ bxc6 10. Nxc6 Bb7 11. Nb4 a5 12. Nd3 Bxd5 13. O-O g6 14. Nf4
Bb7 15. Qd4 e5 16. Nd5 Qc6 17. Nf6+ Ke7 18. Qg4 Kxf6 19. Bg5+ Kg7 20. f4 f5 21.
Qg3 e4 22. Qh4 d5 23. Bh6+ Kf7 24. Bxf8 Raxf8 25. Rad1 Kg7 26. c3 Re8 27. Rd4 e3
28. Re1 Re6 29. Qg3 Rhe8 30. Rd3 Qb6 31. Kh1 Qxb2 32. Rdxe3 Rxe3 33. Rxe3 Qc1+
0-1

[Event "AUTO-OPEN-2996"]
[Site "http://www.queenalice.com/game.php?id=1224468"]
[Date "2013.10.13"]
[Round "2"]
[White "Vonkinho"]
[Black "vivafischer"]
[Result "1-0"]
[WhiteElo "2153"]
[BlackElo "1932"]

1. d4 Nf6 2. c4 g6 3. Nc3 d5 4. cxd5 Nxd5 5. e4 Nxc3 6. bxc3 Bg7 7. Bc4 c5 8.
Ne2 O-O 9. O-O Nc6 10. Be3 Qc7 11. Rc1 Rd8 12. Qd2 a6 13. Rfd1 b5 14. Bb3 Bb7
15. d5 Na5 16. Bf4 Be5 17. g3 c4 18. Bc2 e6 19. Qe3 exd5 20. exd5 Bxf4 21. Nxf4
Rd7 22. Rd4 Rad8 23. Rcd1 Ba8 24. Be4 Qd6 25. Bg2 Nb7 26. Nh3 Nc5 27. Qh6 Qf8
28. Qg5 f6 29. Qc1 Nd3 30. Qe3 Qf7 31. Nf4 Nxf4 32. Qxf4 Rd6 33. h4 Kg7 34. Qf3
a5 35. g4 h6 36. h5 g5 37. Qf5 Bb7 38. Be4 1-0

[Event "AUTO-OPEN-2996"]
[Site "http://www.queenalice.com/game.php?id=1224469"]
[Date "2013.10.13"]
[Round "2"]
[White "vivafischer"]
[Black "Vonkinho"]
[Result "1-0"]
[WhiteElo "2091"]
[BlackElo "2167"]

1. d4 f5 2. g3 Nf6 3. Bg2 d5 4. c4 c6 5. Nf3 e6 6. O-O Be7 7. b3 O-O 8. Nc3 Qe8
9. Bb2 Ne4 10. Ne5 Nd7 11. f3 Nd6 12. e4 fxe4 13. fxe4 Nxe5 14. dxe5 Nxe4 15.
Nxe4 dxe4 16. Rxf8+ Qxf8 17. Bxe4 Bc5+ 18. Bd4 Bd7 19. Kg2 Be8 20. Bxc5 Qxc5 21.
Qd6 Qe3 22. Qxe6+ Kh8 23. Qg4 Rd8 24. Rf1 Bh5 25. Qf5 Qd2+ 26. Kh1 g6 27. Qf6+
Kg8 28. Qf7+ Kh8 29. Qf6+ Kg8 30. Bd5+ cxd5 31. Qxd8+ 1-0